Competition and the Chartered Surveyor: changing client demand for the services of the chartered surveyor...report prepared forThe Royal Institution of Chartered Surveyors... (Record no. 87949)

MARC details
000 -LEADER
fixed length control field 00686cam a2200205 4500
001 - CONTROL NUMBER
control field D15229
008 - FIXED-LENGTH DATA ELEMENTS--GENERAL INFORMATION
fixed length control field 090401t1985 xxu||||| |||| 00| 0 eng d
035 ## - SYSTEM CONTROL NUMBER
System control number (Sirsi) u21286
041 ## - LANGUAGE CODE
Language code of text/sound track or separate title eng
050 ## - LIBRARY OF CONGRESS CALL NUMBER
Classification number 333.0065
110 ## - MAIN ENTRY--CORPORATE NAME
Corporate name or jurisdiction name as entry element Royal Institution of Chartered Surveyors
9 (RLIN) 4900
245 ## - TITLE STATEMENT
Title Competition and the Chartered Surveyor: changing client demand for the services of the chartered surveyor...report prepared forThe Royal Institution of Chartered Surveyors...
260 ## - PUBLICATION, DISTRIBUTION, ETC.
Place of publication, distribution, etc. London
Name of publisher, distributor, etc. RICS
Date of publication, distribution, etc. 1985
350 ## - PRICE (NR) (BK AM CF MU VM SE) [OBSOLETE]
Price 0
650 ## - SUBJECT ADDED ENTRY--TOPICAL TERM
Topical term or geographic name entry element MAC REPORT
650 ## - SUBJECT ADDED ENTRY--TOPICAL TERM
Topical term or geographic name entry element MANAGEMENT ANALYSIS CENTER
710 ## - ADDED ENTRY--CORPORATE NAME
Corporate name or jurisdiction name as entry element Management Analysis Center (UK) Limited
9 (RLIN) 881
942 ## - ADDED ENTRY ELEMENTS (KOHA)
Suppress in OPAC 0
948 ## - LOCAL PROCESSING INFORMATION (OCLC); SERIES PART DESIGNATOR (RLIN)
c (OCLC) 04/03/1997
Holdings
Withdrawn status Lost status Source of classification or shelving scheme Damaged status Not for loan Home library Current library Shelving location Date acquired Total Checkouts Full call number Barcode Date last seen Copy number Price effective from Koha item type Date last checked out
    Dewey Decimal Classification     London London Folio 14/09/1999   F333.0065 30001023 06/08/2019 1 06/08/2019 Book  
    Dewey Decimal Classification     London London Folio 14/09/1999 7 F333.0065 30001024 06/08/2019 2 06/08/2019 Book 19/12/2007
    Dewey Decimal Classification     London London Folio 14/09/1999   F333.0065 30001030 06/08/2019 4 06/08/2019 Reference material